Control obrero, autogestión y consejos en la Revolución Rusa/ (Registro nro. 322700)

Detalles MARC
000 -ENCABEZADO
Número de control [NR] 00732nam a22002057a 4500
005 - FECHA Y HORA DE LA ÚLTIMA TRANSACCIÓN
control field 20230530113152.0
008 - DE LONGITUD FIJA DE DATOS DE ELEMENTOS - INFORMACIÓN GENERAL
Elementos de longitud fija [NR] 230530b ||||| |||| 00| 0 eng d
020 ## - NUMERO INTERNACIONAL NORMALIZADO PARA LIBROS [R]
Número Internacional Normalizado del libro [NR] 9789585555426
040 ## - FUENTE DE CATALOGACION [NR]
Agencia de catalogación original [NR] CO-BoUCM
Quien Cataloga David Moreno
Quien Clasifica David Moreno
041 ## - CODIGO DE IDIOMA [R]
Código de idioma para texto/pista de sonido o título separado [R] Español
100 1# - ASIENTO PRINCIPAL--NOMBRE PERSONAL [NR]
Nombre personal [NR] Ruggeri, Andrés
ID Autoridad 177787
245 10 - MENCION DE TITULO [NR]
Título [NR] Control obrero, autogestión y consejos en la Revolución Rusa/
Mención de responsabilidad, etc. [NR] Andres Ruggeri
260 ## - PUBLICACION, DISTRIBUCION, ETC. (PIE DE IMPRENTA) [R]
Lugar de publicación, distribución, etc. [R] Bogota
Nombre del editor, distribuidor, etc. [R] Ediciones desde abajo
Fecha de publicación, distribución, etc. [R] 2021
300 ## - DESCRIPCION FISICA [R]
Extensión [R] 124 Paginas
650 ## - ASIENTO SECUNDARIO DE MATERIA - TERMINO TEMATICO [R]
Término temático o nombre geográfico como elemento de entrada [NR] Consejos obreros
Subdivisión geográfica [R] Rusia
9 (RLIN) 177788
650 ## - ASIENTO SECUNDARIO DE MATERIA - TERMINO TEMATICO [R]
Término temático o nombre geográfico como elemento de entrada [NR] Movimientos anticomunistas
Subdivisión cronológica [R] 1917-1921
9 (RLIN) 177789
650 ## - ASIENTO SECUNDARIO DE MATERIA - TERMINO TEMATICO [R]
Término temático o nombre geográfico como elemento de entrada [NR] Revolucion rusa
Subdivisión general [R] Historia
9 (RLIN) 177790
942 ## - ELEMENTOS DE ENTRADA AGREGADOS (KOHA)
Sistema de clasificación DEWEY
Tema principal Ciencia política
Tipo de ítem principal el descrito en 300a Libro
Edición 1
Clasificación 320.532
Parte restante de la signatura top. R929c
Título oculto en OPAC No
Existencias
Signatura topográfica Código de barras Última vez visto Ejemplar Price effective from Tipo de ítem Perdido Sistema de clasificación Dañado No prestable Tipo de ítem específico Suprimido Ubicación habitual Ubicación actual Localización Fecha de creación Forma de adquisición
320.532 R929c 100171553 03/12/2025 Ej.1 30/05/2023 Libro   DEWEY     Libro   Claustro Claustro 3er piso 30/05/2023 Donación